000 01034nam a2200241Ia 4500
999 _c38078
_d38078
001 4064
003 GE_BSU
005 20190925171434.0
008 181216s1986||||ge |||||||||||||| ||geo||
040 _cGE_BSU
041 _ageo
080 _a821.353.1–91.09 ჩ–69
100 _aჩიქოვანი, მ.
_94324
245 _aხალხური შემოქმედების ისტორია და თეორია :
_bსაკითხები /
_cრედ. ძიძიგური.
264 _a თბ. :
_bმეცნიერება,
_c1986.
300 _a276 გვ. ;
_b21 სმ.
541 _h4 ლ.
653 _aთეორია და კრიტიკა
653 _aქართული ფოლკლორის ისტორია
700 _aძიძიგური, ნ.
_eრედაქტორი
_94325
710 _aშოთა რუსთაველის სახ. ქართული ლიტ-რის ინ-ტი.
_94145
942 _cBK
_2udc